000 00513nam a2200145Ia 4500
008 100204s9999 xx 000 0 und d
082 _b13576
100 _aचिणे पुष्पा
245 _aविसर प्रित विसर गीत
260 _b"उदयदीप प्रकाशन , मुंबई"
_c1981
300 _a170
630 _aविसर प्रित विसर गीत
730 _aविसर प्रित विसर गीत
942 _cBOOK
999 _c458008
_d458005